Отчет по Отделению русского языка и словесности... ... за 1882 год$90: ... за 1882 год (Запись № 4469992)

Подробности
000 -МАРКЕР
контрольное поле 01178nam2a22002531 4500
001 - ИДЕНТИФИКАТОР ЗАПИСИ
контрольное поле v19\rc\1200706
005 - ИДЕНТИФИКАТОР ВЕРСИИ
контрольное поле 20250618022705.0
035 ## - ДРУГИЕ СИСТЕМНЫЕ НОМЕРА
Идентификатор записи (NLR Aleph) 004450306
100 ## - ДАННЫЕ ОБЩЕЙ ОБРАБОТКИ
Данные общей обработки 20060306d1883 |||y0rusy50 ca
101 0# - ЯЗЫК РЕСУРСА
Язык текста, звукозаписи и т.д. русский
102 ## - СТРАНА ПУБЛИКАЦИИ ИЛИ ПРОИЗВОДСТВА
Страна публикации Российская Федерация
105 ## - ПОЛЕ КОДИРОВАННЫХ ДАННЫХ: ТЕКСТОВЫЕ МАТЕРИАЛЫ, МОНОГРАФИЧЕСКИЕ
Кодированные данные о монографическом текстовом документе y z |||||
200 0# - ЗАГЛАВИЕ И СВЕДЕНИЯ ОБ ОТВЕТСТВЕННОСТИ
Основное заглавие ... за 1882 год
Первые сведения об ответственности Сост. А.Н. Веселовским
210 ## - ПУБЛИКАЦИЯ, РАСПРОСТРАНЕНИЕ И ДР.
Дата издания, распространения и т.д. 1883
Место издания, распространения и т.д. Б. м.
215 ## - ФИЗИЧЕСКАЯ ХАРАКТЕРИСТИКА
Специфическое обозначение материала и объем [2], 20 с.
225 1# - СЕРИЯ
Основное заглавие серии ...
Обозначение тома Т. 31. № 5
461 #0 - УРОВЕНЬ НАБОРА
Встроенное поле 001v19\rc\1200692
-- 2001#$aОтчет по Отделению русского языка и словесности...$v... за 1882 год$90
Системный номер (АБИС) связанной записи 4469984
Автор Академия наук (Петербург). Отделение русского языка и словесности
Место публикации Санкт-Петербург
Дата публикации 1866-1910
Имя издателя, распространителя и т.д. тип. Имп. Акад. наук
Заглавие Отчет по Отделению русского языка и словесности...
Номер тома ... за 1882 год$90
702 #1 - ИМЯ ЛИЦА - ВТОРИЧНАЯ ОТВЕТСТВЕННОСТЬ
Начальный элемент ввода Веселовский
Часть имени, кроме начального элемента ввода А.Н.
Даты 1838-1906
Расширение инициалов личного имени Александр Николаевич
Код отношения Составитель
801 #0 - ИСТОЧНИК ЗАПИСИ
Страна Российская Федерация
Организация NLR
Правила каталогизации psbo
801 #1 - ИСТОЧНИК ЗАПИСИ
Страна Российская Федерация
Организация ProSoft-M
Источник данных rusmarc
852 ## - МЕСТОНАХОЖДЕНИЕ И ШИФР ХРАНЕНИЯ
Идентификатор организации NLR
Шифр хранения (Call Number) П34/278
942 ## - ДОПОЛНИТЕЛЬНЫЕ ЭЛЕМЕНТЫ ЗАПИСИ (АБИС)
Тип экземпляра АБИС Книга
980 ## - КОЛЛЕКЦИЯ
Название коллекции Национальная библиография
Экземпляры
Тип экземпляра Дата поступления Библиотека постоянного хранения Библиотека текущего хранения Место хранения Шифр хранения Штрих-код Статус экземпляра
Книга 26.10.2013 РНБ (Московский) РНБ (Московский) Русский журнальный фонд П34/278 4450306-10